| 000 | 00760cam a22002657a 4500 | ||
|---|---|---|---|
| 003 | CHAP | ||
| 005 | 20220329133857.0 | ||
| 008 | 971013s1889 r 00010 d | ||
| 010 | _a12135 | ||
| 011 | _a13107 | ||
| 035 | _a17178 | ||
| 040 | _cCHAP | ||
| 082 |
_a590 _bR3 |
||
| 100 | 0 | 0 |
_aGenevoix, F. _947462 |
| 245 | 1 | 4 | _aLas materias primas y su empleo en los diversos usos de la vida |
| 260 |
_aMéxico, D.F. : _bSecretarÃa de Fomento, _c1889 |
||
| 300 | _a202 p. | ||
| 501 | _aEnc. con otros impresos similares | ||
| 590 |
_aBATCH-UPD _b10 _c20130110 _lUCH01 _h1756 |
||
| 590 |
_aCONVERSION _b10 _c20130109 _lUCH01 _h1308 |
||
| 650 | 1 | 4 |
_aMaterias primas. _972962 |
| 901 | _aBK | ||
| 942 | _cLIBRO | ||
| 949 |
_a590 R3 _bBC _cBPP _d-40748 _eBPP _i17178 _si |
||
| 999 |
_c12135 _d12135 |
||